| 000 | 00501nam a2200193Ia 4500 | ||
|---|---|---|---|
| 003 | GCL | ||
| 008 | 140319s9999 xx 000 0 eng d | ||
| 040 |
_aGCL / _cGCL |
||
| 082 | 0 | 4 |
_a621.4022 _bI I |
| 100 | 1 | _aINCROPERA, FRANK P. | |
| 245 | 1 | 0 |
_aINTRODUCTION TO HEAT TRANSEFER / _cINCROPERA, FRANK P. |
| 700 | 1 | _aDE WITT, DAVID P. | |
| 260 |
_a[S.N] : _bABT AKVERT SKIRA S.A ، _c1990 |
||
| 300 | _a850 P | ||
| 650 | 0 | 4 | _aSCIENCE |
| 650 | 0 | 4 | _aHEAT |
| 650 | 0 | 4 | _aHEAT TRANSFER |
| 942 |
_2ddc _cBK |
||
| 999 |
_c16579 _d16579 |
||